Encuentros con el nacionalismo /

Bibliographic Details
Main Author: Gellner, Ernest 1925-
Format: Libro
Language:English
Published: Madrid, España Alianza 1995
Series:Alianza Universidad 828
Subjects:
Online Access:

MARC

LEADER 00000cam a2200000 a 4500
001 007294
003 UAHC_CL
005 20170803120332.0
008 030410b xx j 000 1 eng
020 |a 842062828X 
040 |a UAHC_CL  |c UAHC_CL  |d UAHC_CL 
100 1 |a Gellner, Ernest  |d 1925- 
245 1 0 |a Encuentros con el nacionalismo /  |c Ernest Gellner. 
260 |b Alianza  |c 1995  |a Madrid, España 
300 |a 218 p. 
490 0 |a Alianza Universidad  |v 828 
650 4 |a NACIONALISMO 
900 |a 320.54 GEL 
942 |c BK 
952 |0 0  |1 0  |4 0  |6 320_540000000000000_GEL  |7 0  |8 General  |9 15860  |a BC  |b BC  |c General  |d 2017-08-03  |l 0  |o 320.54 GEL  |p 1337359  |r 2026-01-07 00:00:00  |t 1  |w 2017-08-03  |y BK 
952 |0 0  |1 0  |4 0  |6 320_540000000000000_GEL  |7 0  |8 General  |9 15861  |a BC  |b BC  |c General  |d 2017-08-03  |l 0  |o 320.54 GEL  |p 1337360  |r 2026-01-07 00:00:00  |t 2  |w 2017-08-03  |y BK 
999 |c 7294  |d 7294